000 00333nam a2200157Ia 4500
100 _aWitten/Ian H
942 _cBK
366 _f17.5
654 _adata mining
245 _aData Mining:Practical Machine learning
260 _bElsevier
_c2005
082 _a005.74/WIT
_bWIT
300 _a524
546 _aENGLISH
999 _c30882
_d30882